Eastern Utah Libraries Catalog: Duchesne, Heber, Roosevelt, & Vernal

Aristotle and Dante discover the secrets of the universe / (Record no. 238309)

MARC details
000 -LEADER
fixed length control field 02089cam a2200517 a 4500
001 - CONTROL NUMBER
control field 666867878
003 - CONTROL NUMBER IDENTIFIER
control field OCoLC
005 - DATE AND TIME OF LATEST TRANSACTION
control field 20210323150118.0
008 - FIXED-LENGTH DATA ELEMENTS--GENERAL INFORMATION
fixed length control field 100917s2012 nyu d 000 f eng
010 ## - LIBRARY OF CONGRESS CONTROL NUMBER
LC control number 2010033649
020 ## - INTERNATIONAL STANDARD BOOK NUMBER
International Standard Book Number 9781442408920 (hardcover)
020 ## - INTERNATIONAL STANDARD BOOK NUMBER
International Standard Book Number 1442408928 (hardcover)
035 ## - SYSTEM CONTROL NUMBER
System control number (OCoLC)666867878
040 ## - CATALOGING SOURCE
Original cataloging agency DLC
Language of cataloging eng
Transcribing agency DLC
Modifying agency IG#
-- FMG
-- BDX
-- LF3
-- YDXCP
-- BTCTA
-- MCW
-- IEP
-- IUL
-- NhCcYBP
Description conventions rda
042 ## - AUTHENTICATION CODE
Authentication code lcac
-- pcc
092 ## - LOCALLY ASSIGNED DEWEY CALL NUMBER (OCLC)
Classification number young adult fiction
Item number Sáenz
099 ## - LOCAL FREE-TEXT CALL NUMBER (OCLC)
Classification number YA
-- Sae
100 1# - MAIN ENTRY--PERSONAL NAME
Personal name Sáenz, Benjamin Alire.
9 (RLIN) 38952
245 10 - TITLE STATEMENT
Title Aristotle and Dante discover the secrets of the universe /
Statement of responsibility, etc Benjamin Alire Sáenz.
250 ## - EDITION STATEMENT
Edition statement 1st ed.
260 ## - PUBLICATION, DISTRIBUTION, ETC. (IMPRINT)
Place of publication, distribution, etc New York :
Name of publisher, distributor, etc Simon & Schuster BFYR,
Date of publication, distribution, etc c2012.
264 ## - Production, Publication, Distribution, Manufacture, and Copyright Notice.
Place of production, publication, distribution, manufacture New York :
Name of producer, publisher, distributor, manufacturer Simon & Schuster BFYR,
Date of production, publication, distribution, manufacture, or copyr c2012.
300 ## - PHYSICAL DESCRIPTION
Extent 359 p. ;
Dimensions 22 cm.
336 ## - Content Type
Content type term book
337 ## - Media type
Media type term book
338 ## - Carrier type
Carrier type term book
500 ## - GENERAL NOTE
General note Ages 12 up.
520 ## - SUMMARY, ETC.
Summary, etc Fifteen-year-old Ari Mendoza is an angry loner with a brother in prison, but when he meets Dante and they become friends, Ari starts to ask questions about himself, his parents, and his family that he has never asked before.
586 ## - AWARDS NOTE
Awards note Michael L. Printz Honors for Excellence in YA Literature, 2013.
586 ## - AWARDS NOTE
Awards note Stonewall Children's & YA Literature Award, 2013.
586 ## - AWARDS NOTE
Awards note Pura Belpré Award, Winner, 2013.
650 #0 - SUBJECT ADDED ENTRY--TOPICAL TERM
Topical term or geographic name as entry element Bildungsromans.
9 (RLIN) 99712
650 #0 - SUBJECT ADDED ENTRY--TOPICAL TERM
Topical term or geographic name as entry element Families
Form subdivision Young adult fiction.
9 (RLIN) 5688979
650 #0 - SUBJECT ADDED ENTRY--TOPICAL TERM
Topical term or geographic name as entry element Mexican Americans
Form subdivision Young adult fiction.
9 (RLIN) 6410748
650 #0 - SUBJECT ADDED ENTRY--TOPICAL TERM
Topical term or geographic name as entry element Friendship
Form subdivision Young adult fiction.
9 (RLIN) 6410749
650 #0 - SUBJECT ADDED ENTRY--TOPICAL TERM
Topical term or geographic name as entry element Homosexuality
Form subdivision Young adult fiction.
9 (RLIN) 6410750
650 #1 - SUBJECT ADDED ENTRY--TOPICAL TERM
Topical term or geographic name as entry element Coming of age
Form subdivision Fiction.
9 (RLIN) 5678662
650 #1 - SUBJECT ADDED ENTRY--TOPICAL TERM
Topical term or geographic name as entry element Families
Form subdivision Fiction.
9 (RLIN) 5674501
650 #1 - SUBJECT ADDED ENTRY--TOPICAL TERM
Topical term or geographic name as entry element Mexican-Americans
Form subdivision Fiction.
9 (RLIN) 5685155
650 #1 - SUBJECT ADDED ENTRY--TOPICAL TERM
Topical term or geographic name as entry element Friendship
Form subdivision Fiction.
9 (RLIN) 5673769
650 #1 - SUBJECT ADDED ENTRY--TOPICAL TERM
Topical term or geographic name as entry element Homosexuality
Form subdivision Fiction.
9 (RLIN) 5699089
650 #1 - SUBJECT ADDED ENTRY--TOPICAL TERM
Topical term or geographic name as entry element Culturally authentic literature
9 (RLIN) 6365014
655 #0 - INDEX TERM--GENRE/FORM
Genre/form data or focus term Young adult fiction.
9 (RLIN) 5673855
907 ## - LOCAL DATA ELEMENT G, LDG (RLIN)
a .b287623014
942 ## - ADDED ENTRY ELEMENTS (KOHA)
Source of classification or shelving scheme Dewey Decimal Classification
Koha item type BOOK
Holdings
Withdrawn status Lost status Source of classification or shelving scheme Damaged status Not for loan Collection code Home library Current library Shelving location Date acquired Source of acquisition Cost, normal purchase price Serial Enumeration / chronology Total Checkouts Total Renewals Full call number Barcode Date last seen Date checked out Cost, replacement price Price effective from Koha item type
    Dewey Decimal Classification     Culturally Authentic Literature Wasatch County Library Wasatch County Library Main Floor Junior Area 02/25/2013 Amazon 17.99 #1 Aristotle & Dante 19 6 YA Sáenz 34301001106139 11/07/2024 07/17/2023 17.99 03/20/2020 BOOK
    Dewey Decimal Classification     Culturally Authentic Literature Wasatch County Library Wasatch County Library Main Floor Junior Area 03/23/2021 Micromarketing   #1 Aristotle & Dante 3 5 YA Sáenz 34301001671751 11/07/2024 04/04/2022 21.99 03/23/2021 BOOK
This project was made possible through a grant from the Institute of Museum and Library Service administered by the Utah State Library Division.

Wasatch County Library

  • 465 East 1200 South, Heber City, Utah 84032
  • Phone 435-654-1511 | Fax 435-654-6456

Hours

  • Monday - Friday 9:30 AM - 8:00 PM
  • Saturday 9:30 AM - 1:30 PM
  • Closed Sundays and Holidays